| 000 | 00477nam a2200181Ia 4500 | ||
|---|---|---|---|
| 001 | 18466 | ||
| 005 | 20260306171632.0 | ||
| 008 | 260306s9999||||xx |||||||||||||| ||und|| | ||
| 041 | _aESP | ||
| 082 |
_a658.405 _bU879 |
||
| 100 |
_aUry, William _eAUT |
||
| 245 | 0 |
_a¡Supere el no!: _bcómo negociar con personas que adoptan posiciones obstinadas |
|
| 260 | _c2006 | ||
| 300 |
_aXIX, 190 páginas : _c23 cm. |
||
| 650 | _aGEN | ||
| 654 | _aCAN | ||
| 942 |
_cLIB _dJUS _fJUS _2ddc _n |
||
| 999 |
_c18466 _d18466 |
||